00589nam a2200193Ia 4500001001000000003000500010008004100015010001100056040000900067082001800076100002300094245007500117260004600192300001100238650004100249650004800290650003900338700001800377Para_1995CHAP220125s1997 xx 000 0 und d a200590 cCHAP aPA 595.182 T3 aTaylor, Charles E. aNematode vectors of plant viruses /c by C.E. Taylor and D.J.F. Brown aWallingford, Oxon :b CAB. International a286 p. aNematodos x parásitos de plantas  aPlantas x enférmedades por nemátodos  aPlantas x enfermedades por virus aBrown, D.J.F.